000
00279nam a2200109 a 4500
008
101209s1965|||| d
245
1
0
_a
20 rokov v ŠD v Košiciach
260
_b
Východoslovenské vydavateľstvo
_a
Košice
_c
1965
020
_c
30
044
_a
xo
_c
SK
041
_a
slo
999
_c
14985
_d
14985